000
00267nam a22001337a 4500
020
_a
978-93-5007-774-0
082
_a
474
_b
NCERT/V
100
_a
NCERT
245
_a
VYAKARANVIDHI
260
_a
DELHI
_b
NCERT
300
_a
228
650
_a
GRAMMAR
_z
DELHI
942
_c
BK
999
_c
4219
_d
4219